000 00247nam a22000977a 4500
082 _a621.3848,FIE'L
245 _aFIELD ARTILLERY RADAR SYSTEM,FM6-161
260 _aWASHINGTON
_bHEADQUARTERS ARMY
_c1984
300 _bFIELD MANUAL 6-161
942 _cBK
999 _c581472
_d581472